|
|
|
|
| LEADER |
02906nam a2200673 4500 |
| 001 |
ocn894777790 |
| 003 |
OCoLC |
| 005 |
20170124071707.4 |
| 006 |
m o d |
| 007 |
cr ||||||||||| |
| 008 |
141106s2015 nju ob 000 0 eng |
| 010 |
|
|
|a 2014043881
|
| 040 |
|
|
|a DLC
|b eng
|e rda
|e pn
|c DLC
|d N$T
|d EBLCP
|d IDEBK
|d E7B
|d DG1
|d COO
|d YDXCP
|d DEBSZ
|d RECBK
|d OCLCF
|d OCLCQ
|d DEBBG
|d GrThAP
|
| 019 |
|
|
|a 906978848
|
| 020 |
|
|
|a 9781119056850
|q (ePub)
|
| 020 |
|
|
|a 1119056853
|q (ePub)
|
| 020 |
|
|
|a 9781119056560
|q (Adobe PDF)
|
| 020 |
|
|
|a 111905656X
|q (Adobe PDF)
|
| 020 |
|
|
|a 9781119056942
|
| 020 |
|
|
|a 1119056942
|
| 020 |
|
|
|a 111889118X
|q (cloth)
|
| 020 |
|
|
|a 9781118891186
|q (cloth)
|
| 020 |
|
|
|a 9781322880938
|q (MyiLibrary)
|
| 020 |
|
|
|a 132288093X
|q (MyiLibrary)
|
| 020 |
|
|
|z 9781118891186
|q (cloth)
|
| 028 |
0 |
1 |
|a EB00597685
|b Recorded Books
|
| 029 |
1 |
|
|a AU@
|b 000053779865
|
| 029 |
1 |
|
|a CHBIS
|b 010442441
|
| 029 |
1 |
|
|a CHVBK
|b 334087074
|
| 029 |
1 |
|
|a DEBSZ
|b 431874905
|
| 029 |
1 |
|
|a NZ1
|b 16097901
|
| 029 |
1 |
|
|a DEBBG
|b BV042990660
|
| 029 |
1 |
|
|a DEBSZ
|b 475038371
|
| 029 |
1 |
|
|a DEBBG
|b BV043397268
|
| 035 |
|
|
|a (OCoLC)894777790
|z (OCoLC)906978848
|
| 042 |
|
|
|a pcc
|
| 050 |
0 |
0 |
|a TK5103.592.F52
|
| 072 |
|
7 |
|a TEC
|x 009070
|2 bisacsh
|
| 082 |
0 |
0 |
|a 621.382/75
|2 23
|
| 049 |
|
|
|a MAIN
|
| 100 |
1 |
|
|a Rahbar, Akbar Ghaffarpour.
|
| 245 |
1 |
0 |
|a Quality of service in optical packet switched networks /
|c Akbar Ghaffarpour Rahbar.
|
| 264 |
|
1 |
|a Hoboken, New Jersey :
|b IEEE Press/Wiley,
|c [2015]
|
| 300 |
|
|
|a 1 online resource.
|
| 336 |
|
|
|a text
|b txt
|2 rdacontent
|
| 337 |
|
|
|a computer
|b n
|2 rdamedia
|
| 338 |
|
|
|a online resource
|b nc
|2 rdacarrier
|
| 490 |
1 |
|
|a IEEE Press series on information & communication networks security
|
| 504 |
|
|
|a Includes bibliographical references.
|
| 588 |
0 |
|
|a Print version record and CIP data provided by publisher.
|
| 520 |
|
|
|a This book is a comprehensive study on OPS networks, its architectures, and developed techniques for improving its quality of switching and managing quality of service. The book includes: -Introduction to OPS networks, OOFDM networks, GMPLS-enabled optical networks, QoS in OPS networks -Hybrid contention avoidance/resolution schemes in both long-haul and metro optical networks -Hybrid optical switching schemes.
|
| 650 |
|
0 |
|a Optical fiber communication
|x Quality control.
|
| 650 |
|
7 |
|a TECHNOLOGY & ENGINEERING
|x Mechanical.
|2 bisacsh
|
| 650 |
|
7 |
|a Science.
|2 fast
|0 (OCoLC)fst01108176
|
| 655 |
|
4 |
|a Electronic books.
|
| 776 |
0 |
8 |
|i Print version:
|a Rahbar, Akbar Ghaffarpour.
|t Quality of service in optical packet switched networks.
|d Hoboken, New Jersey : John Wiley & Sons Inc., [2015]
|z 9781118891186
|w (DLC) 2014039932
|
| 830 |
|
0 |
|a IEEE Press series on information & communication networks security.
|
| 856 |
4 |
0 |
|u https://doi.org/10.1002/9781119056942
|z Full Text via HEAL-Link
|
| 994 |
|
|
|a 92
|b DG1
|